| 000 | 01237nam a22003497a 4500 | ||
|---|---|---|---|
| 003 | CHAP | ||
| 005 | 20220329141218.0 | ||
| 008 | 971010s1975 r 00010 d | ||
| 010 | _a64450 | ||
| 011 | _a65422 | ||
| 035 | _a72169 | ||
| 040 | _cCHAP | ||
| 090 | _aFolleto 3865 | ||
| 100 | 0 | 0 |
_aLakshminarayana, S. _964515 |
| 245 | 1 | _aEstudios preliminares en selección de mango | |
| 260 |
_aMéxico, D.F. : _bCONAFRUT, _c1975 |
||
| 300 | _a32 p. | ||
| 490 |
_aComisión Nacional de Fruticultura. Folleto serie investigaciones fisiológicas _v; 6 |
||
| 590 |
_aBATCH-UPD _b10 _c20130110 _lUCH01 _h0132 |
||
| 590 |
_aBATCH-UPD _b10 _c20130110 _lUCH01 _h1053 |
||
| 590 |
_aBATCH-UPD _b10 _c20130409 _lUCH01 _h2128 |
||
| 590 |
_aBATCH-UPD _b10 _c20130410 _lUCH01 _h0649 |
||
| 590 |
_aBATCH-UPD _b10 _c20130914 _lUCH01 _h1017 |
||
| 590 |
_aCONVERSION _b10 _c20130109 _lUCH01 _h1335 |
||
| 650 | 1 | 4 |
_aMango. _970395 |
| 650 | 1 | 4 |
_aMango _xFisiología y morfología. _970418 |
| 710 | 0 |
_aComisión Nacional de Fruticultura. México. _925772 |
|
| 830 | 0 |
_aComisión Nacional de Fruticultura. Folleto serie investigaciones fisiológicas _v; 6 _925771 |
|
| 901 | _aBK | ||
| 942 | _cFOLL | ||
| 949 |
_aFolleto 3865 _bBC _cFOLL _d-77791 _eTS1 _i72169 _sb _t30.00 |
||
| 999 |
_c64450 _d64450 |
||